El poder está dentro de ti / (Registro nro. 30915)
[ vista simple ]
| 000 -LEADER | |
|---|---|
| fixed length control field | 00866nam a22002537a 4500 |
| 003 - CONTROL NUMBER IDENTIFIER | |
| control field | OSt |
| 005 - DATE AND TIME OF LATEST TRANSACTION | |
| control field | 20250728160709.0 |
| 008 - FIXED-LENGTH DATA ELEMENTS--GENERAL INFORMATION | |
| fixed length control field | 250124b |||||||| |||| 00| 0 spa d |
| 020 ## - INTERNATIONAL STANDARD BOOK NUMBER | |
| International Standard Book Number | 8479530138 |
| 037 ## - SOURCE OF ACQUISITION | |
| Source of stock number/acquisition | Donación |
| 040 ## - CATALOGING SOURCE | |
| Original cataloging agency | CO-JMCR |
| Language of cataloging | spa |
| Transcribing agency | CO-JMCR |
| Modifying agency | CO-JMCR |
| Description conventions | rda |
| 041 1# - LANGUAGE CODE | |
| Language code of text/sound track or separate title | spa |
| Language code of original | eng |
| 082 04 - DEWEY DECIMAL CLASSIFICATION NUMBER | |
| Classification number | 155.25 |
| Item number | H41p |
| Edition number | 23 |
| 100 1# - MAIN ENTRY--PERSONAL NAME | |
| Personal name | Hay, Louise L., |
| Dates associated with a name | 1926-2017. |
| Relator term | autora |
| 9 (RLIN) | 43988 |
| 245 13 - TITLE STATEMENT | |
| Title | El poder está dentro de ti / |
| Statement of responsibility, etc. | Louise L. Hay con Linda Carwin Tomchin ; traducción Amelia Brito. |
| 260 ## - PUBLICATION, DISTRIBUTION, ETC. | |
| Place of publication, distribution, etc. | Barcelona : |
| Name of publisher, distributor, etc. | Ediciones Urano, |
| Date of publication, distribution, etc. | ©1991. |
| 300 ## - PHYSICAL DESCRIPTION | |
| Extent | 268 páginas ; |
| Dimensions | 22 cm. |
| 504 ## - BIBLIOGRAPHY, ETC. NOTE | |
| Bibliography, etc. note | Incluye bibliografía recomendada. |
| 534 ## - ORIGINAL VERSION NOTE | |
| Introductory phrase | Título original. : |
| Title statement of original | The power is within you. |
| 700 1# - ADDED ENTRY--PERSONAL NAME | |
| Personal name | Tomchin, Linda Carwin, |
| Dates associated with a name | 1947- |
| Relator term | autora |
| 9 (RLIN) | 43989 |
| 700 1# - ADDED ENTRY--PERSONAL NAME | |
| Personal name | Brito, Amelia, |
| Relator term | traductora |
| 9 (RLIN) | 43990 |
| 942 ## - ADDED ENTRY ELEMENTS (KOHA) | |
| Source of classification or shelving scheme | Dewey Decimal Classification |
| Koha item type | Books |
| 949 ## - LOCAL PROCESSING INFORMATION (OCLC) | |
| a | n |
| b | n |
| Withdrawn status | Lost status | Source of classification or shelving scheme | Damaged status | Not for loan | Collection code | Home library | Current library | Shelving location | Date acquired | Source of acquisition | Total Checkouts | Full call number | Barcode | Date last seen | Date last checked out | Copy number | Price effective from | Koha item type |
|---|---|---|---|---|---|---|---|---|---|---|---|---|---|---|---|---|---|---|
| Dewey Decimal Classification | Non-fiction | Biblioteca Pública José María del Castillo y Rada | Biblioteca Pública José María del Castillo y Rada | Book Cart | 11/21/2023 | Donación | 2 | 155.25 H41p | 201812208 | 04/06/2026 | 04/06/2026 | Ej.1 | 01/24/2025 | Books |